The Office - Statistics

General Stats
  • This quiz has been taken 31 times
  • The average score is 8 of 10
Answer Stats
Hint Answer % Correct
What is Angela's favourite animal ? Cats
89%
Where does Toby travel to ? Costa Rica
89%
What stationary equipment does Jim make into jelly ? Stapler
89%
What is surrounded by Michael and Holly at their wedding proposal ? Candles
82%
What does Dunder Mifflin change their name to ? Sabre
82%
What is the name of Michael's home movie ? Threat Level Midnight
82%
What medical condition do Stanley and Phyllis have ? Diabetes
79%
What is the tv show they watch at Gabe and Erin's party ? Glee
79%
What play is Andy in ? Sweeney Todd
68%
Name of Jim and Pam's daughter ? Cecelia
57%
No matching quizzes found
Score Distribution
Percent of People with Each Score
Percentile by Number Answered
Your Score History
You have not taken this quiz